Transcontinental Countries - Statistics

General Stats
  • This quiz has been taken 40 times
  • The average score is 7 of 8
Answer Stats
Continents Country % Correct
Europe/Asia Russia
97%
Europe/Asia Turkey
97%
Asia/Africa Egypt
90%
Europe/Asia Azerbaijan
83%
Europe/Asia Georgia
83%
Asia/Oceania Indonesia
76%
Europe/Asia Kazakhstan
72%
Europe/Afrca Spain
72%
No matching quizzes found
Score Distribution
Percent of People with Each Score
Percentile by Number Answered
Your Score History
You have not taken this quiz